Science For Mechanical Technicians. Book2 / (Record no. 10160)
[ view plain ]
| 000 -LEADER | |
|---|---|
| fixed length control field | 00391nam a22001457a 4500 |
| 090 ## - LOCALLY ASSIGNED LC-TYPE CALL NUMBER (OCLC); LOCAL CALL NUMBER (OCLC) | |
| -- | 10160 |
| 008 - FIXED-LENGTH DATA ELEMENTS--GENERAL INFORMATION | |
| fixed length control field | 080908t xxu||||| |||| 00| 0 eng d |
| 020 ## - INTERNATIONAL STANDARD BOOK NUMBER | |
| International Standard Book Number | 0304935395 |
| 082 ## - DEWEY DECIMAL CLASSIFICATION NUMBER | |
| Edition number | 20 |
| Classification number | 620 |
| Item number | PAG |
| 245 ## - TITLE STATEMENT | |
| Title | Science For Mechanical Technicians. Book2 / |
| Statement of responsibility, etc | M.G. Page. |
| 250 ## - EDITION STATEMENT | |
| Remainder of edition statement | SI Metric ed. |
| 260 ## - PUBLICATION, DISTRIBUTION, ETC. (IMPRINT) | |
| Place of publication, distribution, etc | London: |
| Name of publisher, distributor, etc | Cassell, |
| Date of publication, distribution, etc | c.1970. |
| 300 ## - PHYSICAL DESCRIPTION | |
| Extent | 226p: |
| Other physical details | ill; |
| Dimensions | 20cm. |
| 942 ## - ADDED ENTRY ELEMENTS (KOHA) | |
| Source of classification or shelving scheme | Dewey Decimal Classification |
| Item type | Book - Borrowing |
| Withdrawn status | Item status | Source of classification or shelving scheme | Damaged status | Not for loan | Home library | Current library | Shelving location | Date acquired | Source of acquisition | Total Checkouts | Full call number | Barcode | Date last seen | Koha item type |
|---|---|---|---|---|---|---|---|---|---|---|---|---|---|---|
| Dewey Decimal Classification | Central Library | Central Library | First floor | 08/09/2008 | Purchase | 620 PAG | 000013839 | 15/07/2025 | Book - Borrowing |